| 000 | 01106cad a22002295a 4500 | ||
|---|---|---|---|
| 001 | L149312 | ||
| 008 | 090720s2015 xxk 000 0 eng u | ||
| 035 | _a(Sirsi) u149312 | ||
| 041 | 0 | _aeng | |
| 100 | 1 | _aHarris, Andrew | |
| 245 | 0 | 0 |
_aHolding court _h[electronic resource] |
| 260 | _c2015 | ||
| 490 | 4 |
_aRICS Building Conservation Journal _vDecember 2015/January 2016, 28-31(4) |
|
| 490 |
_aRICS Building Surveying Journal _vDecember 2015/January 2016, 28-31(4) |
||
| 520 | _aFirst part of a series describes the scope of the conservation work at Hampton Court Palace, which is coordinated around visitors and events. Project and repair priorities are determined by an ongoing state of the estate survey and detailed surveys carried out every 5 years. | ||
| 590 | _aKA | ||
| 650 | _aHAMPTON COURT PALACE | ||
| 651 | 4 | _aUnited Kingdom | |
| 690 | _aBUILT ENVIRONMENT-BUILDING MAINTENANCE AND REFURBISHMENT-BUILDING CONSERVATION | ||
| 856 | 4 | 0 |
_uhttps://www.rics.org/Global/Building_Surveying_Journal_December_2015_January_2016.pdf _zView the article free of charge at www.rics.org... |
| 942 | _n0 | ||
| 999 |
_c82128 _d82128 |
||